000 00282nam a22001337a 4500
008 171002b xxu||||| |||| 00| 0 eng d
020 _a0942456068
041 _aeng
080 _a37
100 _a47
101 _aEDU
245 _aBECOMING A MASTER
_cELLIS,D.B
942 _2udc
_cBK
999 _c31121
_d31121